El canto, una herramienta efectiva y permanente en el teatro

Esta tesis tiene por objeto, describir como ha sido la relación del canto con el teatro en distintos periodos de la historia, para comprender porque existe la permanente necesidad de unir estas dos expresiones artísticas.

Bibliographic Details
Main Author: Cortés Cortés, Fernando
Other Authors: Cuturrufo Contador, Carolina (profesora guía)
Format: Tesis
Language:Spanish
Published: Santiago, Chile: Universidad Academia de Humanismo Cristiano, 2012.
Subjects:
Online Access:Disponible en línea (PDF). Biblioteca Digital UAHC

MARC

LEADER 00000nmm a22000007a 4500
001 042894
003 UAHC_CL
005 20250530120407.0
008 120530s2012 cl o d 000 spa
040 |a UAHC_CL  |c UAHC_CL  |d UAHC_CL 
100 1 |a Cortés Cortés, Fernando 
245 1 3 |a El canto, una herramienta efectiva y permanente en el teatro  |c Fernando Cortés, profesora guía Carolina Cuturrufo. 
260 |a Santiago, Chile:  |b Universidad Academia de Humanismo Cristiano,  |c 2012. 
300 |a 154 páginas. 
500 |a Tesis para optar al título de Intérprete Teatral y al grado académico de Licenciada/o en Teatro. 
502 |a  Tesis (Teatro) -- Universidad Academia de Humanismo Cristiano, 2012.  
516 |a Tesis electrónica (PDF). Solicitar envío de documento a biblioteca@academia.cl 
520 |a Esta tesis tiene por objeto, describir como ha sido la relación del canto con el teatro en distintos periodos de la historia, para comprender porque existe la permanente necesidad de unir estas dos expresiones artísticas. 
650 0 |a Teatro  |9 4 
650 0 |a Canto  |9 18421 
700 1 |a Cuturrufo Contador, Carolina  |e profesora guía 
856 |u http://bibliotecadigital.academia.cl/xmlui/handle/123456789/808  |y Disponible en línea (PDF). Biblioteca Digital UAHC 
900 |a TACTE 01 
942 |c TS 
952 |0 0  |1 0  |4 0  |6 TACTE_01_000000000000000  |7 0  |8 BAS  |9 80312  |a BS  |b BS  |c Digital  |d 2017-08-03  |o TACTE 01  |r 2019-12-02 00:00:00  |w 2017-08-03  |y TS  |z Documento en PDF  |B TEATRO 
999 |c 42894  |d 42894